| 000 | | | 03661nmc2a22002413x 450 |
| 001 | | | d6e71416-71fd-4f9e-88a6-2775a8fc04d8 |
| 005 | | | 20201013110936.0 |
| 100 | ## | $a | 20181122l18951895k l0rusy0189 ca |
| 101 | 0# | $a | rus |
| 102 | ## | $a | RU |
| 105 | ## | $a | a### |
| 122 | 2# | $a | d |
| 200 | 1# | $a | Проект подставки для объявлений |
| | $j | 1895 г. |
| | $e | (чертеж карандашом) |
| 215 | ## | $a | 1 л. |
| | $d | 21х42 см |
| | $c | черт. |
| 251 | ## | $c | Дело |
| 300 | ## | $a | Реставрация Исаакиевского собора. Разные приспособления и переделки |
| 371 | ## | $a | Документ не является опубликованным и широко распространяемым |
| 461 | #0 | $1 | 00125a8a0c1-b62b-4a3b-b883-4264dbd1873b |
| | $1 | 2001 |
| | $a | Кабинет архитектора Монферрана (коллекция) |
| | $1 | 251 |
| | $c | Фонд |
| | $1 | 852 |
| | $j | 502 |
| 462 | #0 | $1 | 001900f56e9-7b99-4449-85b3-59c9d748bc9c |
| | $1 | 2001 |
| | $a | 1820-1913 гг. |
| | $1 | 251 |
| | $c | Опись |
| | $1 | 852 |
| | $j | 2 |
| 801 | #0 | $a | RU |
| | $b | РГИА |
| | $c | 20181122 |
| | $g | RCR |
| 801 | #1 | $a | RU |
| | $b | ГлавНИВЦ |
| | $c | 20181122 |
| | $2 | rusmarc |
| 801 | #2 | $a | RU |
| | $b | ПБ им. Б.Н. Ельцина |
| | $c | 20201013 |
| | $g | RCR |
| | $2 | rusmarc |
| 850 | ## | $a | РГИА |
| 852 | ## | $a | РГИА |
| | $e | Федеральное казенное учреждение "Российский государственный исторический архив" (РГИА) |
| | $j | 740 |
| 937 | ## | $h | РГИА |
| | $d | 12267018 |
| | $a | ASBIBLIO_SCAN |
| 035 | ## | $a | RusGRCC00002120 |
| 856 | ## | $u | http://readingroom.main.prlib.ru/item.aspx?id_node=n148308117&mode=full |